The noble scholar, jurist, historian


 His Excellency Dr. Abdul Wahhab bin Ibrahim Abu Sulaiman, may Allah have mercy on him.


 He was born in Umm Al-Qura in the year 1356 AH.

السنة التركية : (Record no. 1899)

MARC details
000 -LEADER
fixed length control field 02533cam a2200397 i 4500
003 - CONTROL NUMBER IDENTIFIER
control field SA-RiAUC
005 - DATE AND TIME OF LATEST TRANSACTION
control field 20241030075444.0
008 - FIXED-LENGTH DATA ELEMENTS--GENERAL INFORMATION
fixed length control field 241029s2011____su g 001 0 ara c
020 ## - INTERNATIONAL STANDARD BOOK NUMBER
International Standard Book Number 9786038101056
024 0# - OTHER STANDARD IDENTIFIER
Standard number or code 00000000289134
040 ## - CATALOGING SOURCE
Original cataloging agency SA-RiKAPL
Language of cataloging ara
Transcribing agency SA-RiAUC
Modifying agency KAC
Description conventions rda
082 04 - DEWEY DECIMAL CLASSIFICATION NUMBER
Classification number 251.12
Assigning agency SA-RiAUC
090 ## - LOCALLY ASSIGNED LC-TYPE CALL NUMBER (OCLC); LOCAL CALL NUMBER (RLIN)
Classification number (OCLC) (R) ; Classification number, CALL (RLIN) (NR) 251.12
Local cutter number (OCLC) ; Book number/undivided call number, CALL (RLIN) خ ل ي
100 1# - MAIN ENTRY--PERSONAL NAME
Personal name خليل، يحيى بن إبراهيم
Relator term مؤلف.
245 12 - TITLE STATEMENT
Title السنة التركية :
Remainder of title مفهومها، حجيتها، أثرها، الأسئلة الواردة عليها /
Statement of responsibility, etc. تأليف الدكتور يحيى بن إبراهيم خليل ؛ تقديم كل من سماحة الشيخ عبد الرحمن بن ناصر البراك [و3 آخرون]
250 ## - EDITION STATEMENT
Edition statement الطبعة الأولى.
264 #1 - PRODUCTION, PUBLICATION, DISTRIBUTION, MANUFACTURE, AND COPYRIGHT NOTICE
Place of production, publication, distribution, manufacture الرياض :
Name of producer, publisher, distributor, manufacturer مجلة البيان،
Date of production, publication, distribution, manufacture, or copyright notice [2011]
300 ## - PHYSICAL DESCRIPTION
Extent 631 صفحة ؛
Dimensions 24 × 17 سم.
336 ## - CONTENT TYPE
Content type term نص
Content type code txt
Source rdacontent
Materials specified كتاب
337 ## - MEDIA TYPE
Media type term بدون وسيط
Media type code n
Source rdamedia
338 ## - CARRIER TYPE
Carrier type term مجلد
Carrier type code nc
Source rdacarrier
490 1# - SERIES STATEMENT
Series statement البيان ؛
Volume/sequential designation 140
500 ## - GENERAL NOTE
General note كشافات : صفحة 617.
500 ## - GENERAL NOTE
General note ورد أعلى الغلاف : رسالة علمية.
504 ## - BIBLIOGRAPHY, ETC. NOTE
Bibliography, etc. note ببيوجرافية : صفحة 617-629.
505 0# - FORMATTED CONTENTS NOTE
Formatted contents note المحتويات : تقديم-المقدمة-التمهيد-الباب الأول : حجية السنة التركية : الفصل الأول : حجية السنة التركية في القرآن-الفصل الثاني : حجية السنة االتركية في السنة المطهرة ...-الباب اثاني : أثرها : الفصل الأول : أثرها على العقيدة-الفصل الثاني : أثرها على العبدات ...-الباب الثالث : الأسئلةالواردة على السنة التركية : الفصل الأول : الأسئلة التي قد ترد على السنة التركية-الفصل الثاني : في الجواب عنها.
650 #7 - SUBJECT ADDED ENTRY--TOPICAL TERM
Topical term or geographic name entry element حجية السنة
Source of heading or term aucsh
650 #7 - SUBJECT ADDED ENTRY--TOPICAL TERM
Topical term or geographic name entry element البدع في الإسلام
Source of heading or term aucsh
700 1# - ADDED ENTRY--PERSONAL NAME
Personal name الشتري، سعد بن ناصر بن عبد العزيز
Relator term مقدم.
700 1# - ADDED ENTRY--PERSONAL NAME
Personal name المحمود، عبد الرحمن بن صالح بن صالح
Relator term مقدم.
700 1# - ADDED ENTRY--PERSONAL NAME
Personal name الخليل، أحمد بن محمد بن حسن،
Dates associated with a name 1389 هجري-
Relator term مقدم.
700 1# - ADDED ENTRY--PERSONAL NAME
Personal name البراك، عبد الرحمن بن ناصر،
Dates associated with a name 1352 هجري-
Relator term مقدم.
830 #0 - SERIES ADDED ENTRY--UNIFORM TITLE
Uniform title كتاب البيان (مجلة البيان)
Volume/sequential designation 140
942 ## - ADDED ENTRY ELEMENTS (KOHA)
Source of classification or shelving scheme Dewey Decimal Classification
Koha item type Books
Suppress in OPAC No
949 ## - LOCAL PROCESSING INFORMATION (OCLC)
a SA-JeALM
d 241029
u mohamedma123
n 1
Holdings
Withdrawn status Lost status Source of classification or shelving scheme Damaged status Not for loan Home library Current library Date acquired Total checkouts Full call number Barcode Date last seen Price effective from Koha item type
    Dewey Decimal Classification     DR AbdElwahab Library DR AbdElwahab Library 10/30/2024   251.12 خ ل ي 000002760 10/30/2024 10/30/2024 Books
    Dewey Decimal Classification     DR AbdElwahab Library DR AbdElwahab Library 12/03/2024   251.12 خ ل ي 000004503 12/03/2024 12/03/2024 Books